Procurement (Record no. 77084)

MARC details
000 -LEADER
fixed length control field 00726cab a2200181 4500
001 - CONTROL NUMBER
control field ##L133564
008 - FIXED-LENGTH DATA ELEMENTS--GENERAL INFORMATION
fixed length control field 060518n2006 000 0 eng u
035 ## - SYSTEM CONTROL NUMBER
System control number (Sirsi) u133564
041 0# - LANGUAGE CODE
Language code of text/sound track or separate title eng
100 1# - MAIN ENTRY--PERSONAL NAME
Personal name Rawlinson, Simon
245 00 - TITLE STATEMENT
Title Procurement
Remainder of title two-stage tendering
260 ## - PUBLICATION, DISTRIBUTION, ETC.
Date of publication, distribution, etc. 2006
490 #0 - SERIES STATEMENT
Series statement Building
Volume/sequential designation 271(8430) 12 May 2006, 62-66(5)
520 ## - SUMMARY, ETC.
Summary, etc. Provides an overview of two-stage tendering, looks at its advantages and disadvantages, and explains how to adapt two-stage tendering for a design-and-build based procurement. Also considers the steps that can be taken to improve a client's negotiating position on a two-stage tender.
590 ## - LOCAL NOTE (RLIN)
Local note IKA230506 NTK
690 ## - LOCAL SUBJECT ADDED ENTRY--TOPICAL TERM (OCLC, RLIN)
Topical term or geographic name as entry element Procurement
9 (RLIN) 6260
942 ## - ADDED ENTRY ELEMENTS (KOHA)
Suppress in OPAC 0
Holdings
Withdrawn status Lost status Source of classification or shelving scheme Damaged status Not for loan Home library Current library Shelving location Date acquired Total Checkouts Full call number Barcode Date last seen Copy number Price effective from Koha item type
    Dewey Decimal Classification     London London Journal article 18/05/2006   L133564 133564-1001 06/08/2019 1 06/08/2019 Journal article